[Event "OP-2011-0-01622"]
[Site "LSS email"]
[Date "2011.06.27"]
[Round "?"]
[White "Kshnyakin, Alexandr"]
[Black "Schalkwijk, Peter H"]
[Result "0-1"]
[WhiteElo "1123"]
[BlackElo "1403"]
[PlyCount "48"]
[EventDate "2011.06.24"]
[EventType "tourn (corr)"]
[EventRounds "4"]
[EventCountry "GER"]
[SourceTitle "Telechess CBM 151"]
[Source "ChessBase"]
[SourceDate "2012.11.13"]
[SourceVersion "1"]
[SourceVersionDate "2012.11.13"]
[SourceQuality "1"]

1. e4 c5 2. f4 d6 3. Bb5+ Bd7 4. Nc3 Bxb5 5. Nxb5 Nc6 6. d4 Qa5+ 7. Nc3 cxd4 8. Bd2 dxc3 9. Bxc3 Qb6 10. Nf3 Nf6 11. Qe2 e6 12. 0-0-0 Be7 13. h3 0-0 14. g4 Rfd8 15. g5 Nh5 16. Nd4 Ng3 17. Qf3 Nxh1 18. Qxh1 Nxd4 19. Bxd4 Qa6 20. Kb1 d5 21. h4 dxe4 22. Qxe4 Bc5 23. Rd3 Bxd4 24. Rxd4 Qf1+ 0-1

[Event "RE-2011-0-00056"]
[Site "LSS email"]
[Date "2011.03.19"]
[Round "?"]
[White "Razumov, Aleksandr Nikolaevi"]
[Black "Kshnyakin, Alexandr"]
[Result "1-0"]
[WhiteElo "1535"]
[BlackElo "1060"]
[PlyCount "63"]
[EventDate "2011.01.28"]
[EventType "tourn (corr)"]
[EventRounds "6"]
[EventCountry "GER"]
[SourceTitle "Telechess CBM 147"]
[Source "ChessBase"]
[SourceDate "2012.03.16"]
[SourceVersion "1"]
[SourceVersionDate "2012.03.16"]
[SourceQuality "1"]

1. d4 d5 2. c4 e6 3. Nf3 Bb4+ 4. Bd2 Nc6 5. Bxb4 Nxb4 6. e3 Ne7 7. a3 Nbc6 8. Nc3 0-0 9. Rc1 a6 10. Bd3 dxc4 11. Bxc4 b5 12. Be2 Bb7 13. 0-0 f5 14. b4 Nd5 15. Nxd5 exd5 16. Qb3 Kh8 17. g3 h5 18. Rc5 Ne7 19. Ng5 g6 20. Ne6 Qd6 21. Nxf8 Rxf8 22. Ra1 Nc8 23. a4 bxa4 24. Qxa4 Nb6 25. Qa5 Ra8 26. Rac1 h4 27. Rxc7 Rb8 28. Bxa6 Bxa6 29. Qxa6 Rd8 30. R1c6 Qxb4 31. Rxb6 Qf8 32. Rxg6 1-0

[Event "SE-2011-0-00068"]
[Site "LSS email"]
[Date "2011.03.12"]
[Round "?"]
[White "Molano Lafuente, Ismael"]
[Black "Kshnyakin, Alexandr"]
[Result "1-0"]
[WhiteElo "1332"]
[BlackElo "1085"]
[PlyCount "63"]
[EventDate "2011.01.31"]
[EventType "tourn (corr)"]
[EventRounds "6"]
[EventCountry "GER"]
[SourceTitle "Telechess CBM 147"]
[Source "ChessBase"]
[SourceDate "2012.03.16"]
[SourceVersion "1"]
[SourceVersionDate "2012.03.16"]
[SourceQuality "1"]

1. f4 d5 2. Nf3 Bg4 3. Ne5 Nf6 4. d3 Nbd7 5. Nxg4 Nxg4 6. e4 Ngf6 7. e5 Ng8 8. Be2 e6 9. 0-0 Bc5+ 10. d4 Bb6 11. b4 Ne7 12. Bb2 a5 13. a3 Nf5 14. Qd2 axb4 15. axb4 Rxa1 16. Bxa1 0-0 17. Na3 Qa8 18. Nb5 Qb8 19. Bd3 c6 20. Bxf5 exf5 21. Nd6 Bc7 22. Nxf5 Nb6 23. Qc3 Re8 24. Qg3 g6 25. Nh6+ Kf8 26. f5 Ke7 27. Qh4+ Kd7 28. fxg6 fxg6 29. Rf7+ Kc8 30. Qg4+ Kd8 31. Rxh7 Re7 32. Rh8+ 1-0

[Event "LSS RD-2010-0-00046"]
[Site "LSS email"]
[Date "2011.01.25"]
[Round "?"]
[White "Turner, Larry"]
[Black "Kshnyakin, Alexandr"]
[Result "1-0"]
[WhiteElo "1425"]
[BlackElo "1127"]
[PlyCount "55"]
[EventDate "2010.12.06"]
[EventType "tourn (corr)"]
[EventRounds "6"]
[EventCountry "GER"]
[SourceTitle "Telechess CBM 145"]
[Source "Chessbase"]
[SourceDate "2011.11.11"]
[SourceVersion "1"]
[SourceVersionDate "2011.11.11"]
[SourceQuality "1"]

1. e4 e5 2. Nf3 Nc6 3. Bb5 Nf6 4. Nc3 d6 5. Bxc6+ bxc6 6. d3 Be6 7. 0-0 Be7 8. d4 exd4 9. Nxd4 Qd7 10. Nxe6 Qxe6 11. Re1 0-0 12. Ne2 Qg4 13. f3 Qd7 14. Nd4 c5 15. Nf5 Bd8 16. b3 a5 17. Bb2 a4 18. Nxg7 Kxg7 19. Qd5 Be7 20. Qg5+ Kh8 21. Bxf6+ Bxf6 22. Qxf6+ Kg8 23. Qc3 h5 24. Rad1 h4 25. Rd5 f6 26. Qxc5 Qg7 27. Qc4 h3 28. Rg5+ 1-0